000 00877nmm a2200265 a 4500
001 ocm0001411468
003 TR-IsHL
005 20201028163518.0
008 160220s2016 tu tur
007 cr cn
020 _a9786054461936
035 _a1411468
_b(N$T)
050 0 4 _aHC491.5.K67
_bA96 2016
090 0 4 _aHC491.5.K67
_bA96 2016
245 1 0 _aAzmin zaferi Asım Kopuz
_h[electronic resource] /
_chazırlayan Banu Kopuz
260 _aİstanbul :
_bAres Kitap,
_c2016
300 _a49 p.
650 4 _aEkonomi ve Finans
650 4 _aEconomics and Finance
650 0 _aİşadamları
_x Türkiye
_x Biyografi
650 0 _aBusinessmen
_x Turkey
_x Biography
650 7 _aBIOGRAPHY & AUTOBIOGRAPHY / Business
_2bisacsh
700 1 _aKopuz, Banu
856 4 0 _uhttp://search.ebscohost.com/login.aspx?direct=true&scope=site&db=e011xww&AN=1411468
999 _c15368
_d15368